SQL and relational theory : (Record no. 156)

MARC details
000 -LEADER
fixed length control field 01230cam a22003494a 4500
001 - CONTROL NUMBER
control field 15930765
005 - DATE AND TIME OF LATEST TRANSACTION
control field 20200421093820.0
008 - FIXED-LENGTH DATA ELEMENTS--GENERAL INFORMATION
fixed length control field 091002s2009 caua b 001 0 eng
010 ## - LIBRARY OF CONGRESS CONTROL NUMBER
LC control number 2009502815
015 ## - NATIONAL BIBLIOGRAPHY NUMBER
National bibliography number GBA8A9481
Source bnb
016 7# - NATIONAL BIBLIOGRAPHIC AGENCY CONTROL NUMBER
Record control number 014754255
Source Uk
020 ## - INTERNATIONAL STANDARD BOOK NUMBER
International Standard Book Number 9780596523060 (pbk.)
020 ## - INTERNATIONAL STANDARD BOOK NUMBER
International Standard Book Number 0596523068 (pbk.)
035 ## - SYSTEM CONTROL NUMBER
System control number (OCoLC)ocn253222692
040 ## - CATALOGING SOURCE
Original cataloging agency UKM
Transcribing agency UKM
Modifying agency YDXCP
-- BWX
-- OCLCQ
-- IXA
-- CDX
-- DLC
042 ## - AUTHENTICATION CODE
Authentication code lccopycat
050 00 - LIBRARY OF CONGRESS CALL NUMBER
Classification number QA76.73.S67
Item number D385 2009
082 04 - DEWEY DECIMAL CLASSIFICATION NUMBER
Classification number 005.7565
Edition information 22
100 1# - MAIN ENTRY--PERSONAL NAME
Personal name Date, C. J.
245 10 - TITLE STATEMENT
Title SQL and relational theory :
Remainder of title how to write accurate SQL code /
Statement of responsibility, etc. C.J. Date.
250 ## - EDITION STATEMENT
Edition statement 1st ed.
260 ## - PUBLICATION, DISTRIBUTION, ETC.
Place of publication, distribution, etc. [Sebastopol, CA] :
Name of publisher, distributor, etc. O'Reilly,
Date of publication, distribution, etc. c2009.
300 ## - PHYSICAL DESCRIPTION
Extent xix, 404 p. :
Other physical details ill. ;
Dimensions 24 cm.
490 1# - SERIES STATEMENT
Series statement Theory in practice
504 ## - BIBLIOGRAPHY, ETC. NOTE
Bibliography, etc. note Includes bibliographical references (p. 389-396) and index.
650 #0 - SUBJECT ADDED ENTRY--TOPICAL TERM
Topical term or geographic name entry element SQL (Computer program language)
9 (RLIN) 174
650 #0 - SUBJECT ADDED ENTRY--TOPICAL TERM
Topical term or geographic name entry element Relational databases.
9 (RLIN) 13
830 #0 - SERIES ADDED ENTRY--UNIFORM TITLE
Uniform title Theory in practice (Sebastopol, Calif.)
9 (RLIN) 175
906 ## - LOCAL DATA ELEMENT F, LDF (RLIN)
a 7
b cbc
c copycat
d 3
e ncip
f 20
g y-gencatlg
942 ## - ADDED ENTRY ELEMENTS (KOHA)
Source of classification or shelving scheme Dewey Decimal Classification
Koha item type Books
Holdings
Withdrawn status Lost status Damaged status Not for loan Collection Home library Current library Shelving location Date acquired Barcode Date last seen Price effective from Koha item type
        Reference Fairview Fairview General stacks 09/04/2014 39999000006636 09/04/2014 09/04/2014 Books
        Reference Midway Midway General stacks 09/04/2014 39999000006612 09/04/2014 09/04/2014 Books